| 000 | 00709nam a2200193Ia 4500 | ||
|---|---|---|---|
| 008 | 130821s2006 ck gr spa | ||
| 020 | _a9588232872 | ||
| 040 |
_aCo-BoUCM _bspa |
||
| 041 | 0 | 0 | _aspa |
| 245 | 0 | 0 | _aRadiografía del Divino Niño y otras crónicas sobre Bogotá |
| 260 |
_aBogotá (Colombia) _bAlcaldía Mayor de Bogotá Instituto Distrital de Cultura y Turismo _c2006 |
||
| 300 | _a173 páginas | ||
| 650 | 0 | 4 |
_aEnsayos colombianos _914557 |
| 650 | 0 | 4 |
_aLiteratura colombiana _918629 |
| 651 | 4 |
_aBogotá (Colombia) _xVida social y costumbres _926589 |
|
| 700 | 1 |
_aRubiano Vargas, Roberto _9164698 |
|
| 942 |
_cLIBRO _a18 _e1 _kC _mR129 _2DEWEY _h868.44 _n0 |
||
| 999 |
_c58564 _d58564 |
||